La industria de los aceites, grasas y jabones en el Estado de Jalisco /

Guardado en:
Detalles Bibliográficos
Autor principal: Zamudio, José (autor)
Otros autores: Loyola M., Elías
Formato: Libro
Idioma:Español
Colección:(Monografías Industriales)
Temas:
Etiquetas: Agrega una etiqueta
Sin etiquetas, Sé el primero en etiquetar este registro!

MARC

LEADER 00000nam^a2200000^a^4500
001 000067002
005 20251113000000.0
009 20260310091235.281
037 |a Acervo ITESO - Biblioteca 
041 |a ESP 
082 |a 338. 7660  |b ZAM 
100 |a Zamudio, José  |e (autor) 
245 1 3 |a La industria de los aceites, grasas y jabones en el Estado de Jalisco /  |c J. Zamudio, E. Loyola M. 
264 |a México :  |b Banco de México,  |c ca. 1952 
300 |a [8], 70 p. 
336 |a texto  |b txt  |2 rdacontenido 
337 |a sin mediación  |b n  |2 rdamedio 
338 |a volumen  |b nc  |2 rdasoporte 
440 1 |a (Monografías Industriales) 
649 |a XX 
650 |a Aceites y Grasas -  |z Jalisco 
650 |a Industria Jabonera -  |z Jalisco 
650 |a Proceso Administrativo -  |x Dirección 
650 |a Administración 
650 |a Ciencias Administrativas 
650 |a Economía 
700 |a Loyola M., Elías 
910 |a Fondo General 
920 |a Impresos - Libros 
930 |a Colección General 
905 |a 101 
901 |a 0500022589  |b IT1  |c ACC  |d BD  |u 20251113 
902 |a https://opac.biblio.iteso.mx/vufind/Record/000067002